Responses for show #5980 - Friday, September 17, 2010

Roger Craig game 5.

Contestants

Ryan Hedlund, a civil engineer from Baton Rouge, Louisiana

Shaama Pandya, an economic consultant from Washington, D.C.

Roger Craig, a graduate student of computer science from Newark, Delaware (whose 4-day cash winnings total $166,801)

Jeopardy! Round responses

HELLO CLEVELAND!
REALITY SHOWS A LA SHAKESPEARE
SEPTEMBER'S HERE ALREADY
SIDE EFFECTS MAY INCLUDE...
AIRLINE CARRY ON NO-NOS
(Alex: According to the TSA.)
TALK LIKE A PIRATE
(Alex: Arr! Because each correct response will begin with "A-R". Arr!)
    $200 1
Survivor

Roger
    $200 15
Fashion

Roger
    $200 16
poison ivy

Shaama
    $200 9
arson

Ryan
    $400 2
The Apprentice

Roger
    $400 13
(Shaama: What is Cinco de Mayo?)

(Ryan: What is September 16th?)

[Ryan's answer was initially not allowed, but was later judged acceptable.]

200th

ShaamaRyan
    $400 3
archduke

Roger
    $4,200 19
Standard Oil

Roger
    $600 6
The Biggest Loser

Ryan
    $600 14
(Roger: What is election day?)
(Alex: Uhh, no.)
(Offstage voice: More specific.)
(Alex: More specific, they're saying.)
(Roger: What is gubernatorial election day?)
(Alex: No.)

primary

Roger
Triple Stumper
    $600 25
[The end-of-round signal sounds.]

chicken pox

Roger
    $600 24
throwing stars

Roger
    $600 4
Arbor Day

Ryan
    $800 20
Garfield

Ryan
    $800 7
Jersey Shore

Roger
    $800 22
(Roger: Who is Rozelle?)

Peter Ueberroth

Roger
Triple Stumper
    $800 17
jaundice

Shaama
    $800 12
cricket

Roger
    $800 5
(Shaama: What is an Arab? [*]?)

Arabian

Shaama
    $1000 21
Cuyahoga

Roger
    $1000 10
Dog the Bounty Hunter

Roger
    $1000 23
Portugal

Roger
    $1000 18
sunstroke

Roger
    $1000 11
nunchucks

Ryan
    $1000 8
argon

Ryan

Scores at the first commercial break (after clue 14):

Roger Shaama Ryan
$3,000 $400 $3,800

Scores at the end of the Jeopardy! Round:

Roger Shaama Ryan
$10,800 $1,400 $4,600

Double Jeopardy! Round responses

METALS
SCIENCE FICTION FILMS
19th CENTURY QUOTATIONS
YANKEE MAGAZINE
THE VOTES ARE IN
THE "EYE"s HAVE IT
    $400 24
Independence Day

Ryan
    $400 22
Edison

Ryan
    $400 16
chowder

Roger
    $400 26
[The end-of-round signal sounds.]

a redeye

Shaama
    $800 4
iron

Ryan
    $800 12
Avatar

Roger
    $800 23
John Brown

Roger
    $800 17
Connecticut

Roger
    $800 25
GoldenEye (or For Your Eyes Only)

Ryan
    $3,000 5
plutonium

Ryan
    $1200 9
(George) Lucas

Roger
    $1200 13
(Zachary) Taylor

Roger
    $1200 18
(Boston) Celtics

Roger
    $1200 1
an eyesore

Ryan
    $1600 6
tungsten

Shaama
    $1600 10
(Ryan: What is War Of The Worlds?)

The Time Machine

RogerRyan
    $1600 14
(Roger: What is Civil Disobedience?)

Self Reliance

Roger
Triple Stumper
    $1600 19
(Alex: And the artist was [*].)

Norman Rockwell

Triple Stumper
    $3,000 7
(Alex: [*]--rock solid--yes, indeed!)

Gibraltar

Shaama
    $1600 2
an eye patch

Roger
    $2000 8
(Ryan: What is zinc?)

chromium

RogerRyan
    $2000 11
The Day The Earth Stood Still

Ryan
    $2000 15
(Shaama: What is pink?)
(Alex: No.)
(Shaama: Red?)
...
(Alex: [*]--yes--the city in Jordan.)

Petra

RogerShaama
    $2000 20
the Concord grape

Ryan
    $2000 21
Belgium

Roger
    $2000 3
Meyer

Roger

Scores at the end of the Double Jeopardy! Round:

Roger Shaama Ryan
$26,800 $4,400 $11,600
(lock game)

[wagering suggestions for these scores]

Final Jeopardy! Round responses

RIVERS
(Alex: They are not mentioned that often even though they are in part of the world that is in the news a great deal.)
ShaamaWhat are Tigris + Euphrates?
$4,399
RyanWhat are the Tigris & Euphrates?
$651
RogerWhat is Tigris & Euphrates?
$2,200
the Tigris & the Euphrates

Final scores:

Roger Shaama Ryan
$29,000 $8,799 $12,251
5-day champion: $195,801 3rd place: $1,000 2nd place: $2,000

Game dynamics:

Coryat scores:

Roger Shaama Ryan
$23,200 $3,000 $9,800
26 R
(including 1 DD),
3 W
6 R
(including 1 DD),
2 W
15 R
(including 1 DD),
2 W

Combined Coryat: $36,000

The J! Archive is created by fans, for fans. The Jeopardy! game show and all elements thereof, including but not limited to copyright and trademark thereto, are the property of Jeopardy Productions, Inc. and are protected under law. This website is not affiliated with, sponsored by, or operated by Jeopardy Productions, Inc. Join the discussion at JBoard.tv.